Estadísticas para Países más Grandes del Imperio Español

Haz click aquí para tomar la prueba!

Estadísticas generales

  • Esta prueba ha sido tomada 1,284 veces
  • La puntuación promedio es 13 de 14

Estadísticas de respuestas

% km2 País % Correcto
501,400,000Argentina
98%
1002,000,000México
98%
1001,110,000Colombia
97%
100920,000Venezuela
96%
1001,300,000Perú
96%
70530,000Chile
95%
1001,100,000Bolivia
92%
504,800,000Estados Unidos
91%
100176,000Uruguay
90%
100406,000Paraguay
90%
100277,000Ecuador
89%
100300,000Filipinas
82%
100506,000España
78%
37266,000Marruecos (Sahara Occidental)
65%

Distribución de puntuación

Porcentaje por número respondido

Porcentaje de gente con cada puntuación

Historial de tus puntuaciones

No has tomado esta prueba